ბათუმის შოთა რუსთაველის სახელმწიფო უნივერსიტეტის ბიბლიოთეკა

ამბავი თბილისისა (ბიბ.ჩანაწერი № 48263)

000 -LEADER
fixed length control field 00803nam a2200229Ia 4500
001 - CONTROL NUMBER
control field 15147
003 - CONTROL NUMBER IDENTIFIER
control field GE_BSU
008 - FIXED-LENGTH DATA ELEMENTS--GENERAL INFORMATION
fixed length control field 181216s||||||||xx |||||||||||||| ||und||
040 ## - CATALOGING SOURCE
Transcribing agency GE_BSU
080 ## - UNIVERSAL DECIMAL CLASSIFICATION NUMBER
Universal Decimal Classification number 821.353.1-11
100 ## - MAIN ENTRY--PERSONAL NAME
Personal name ლეონიძე,გიორგი
245 ## - TITLE STATEMENT
Title ამბავი თბილისისა
245 ## - TITLE STATEMENT
Remainder of title ისტორიული პოემა
245 ## - TITLE STATEMENT
Statement of responsibility, etc. რედ.მ.მთვრალაშვილი. მხატვ.გ.კალაძე. და დ. გელაშვილი
260 ## - PUBLICATION, DISTRIBUTION, ETC.
Place of publication, distribution, etc. თბილისი
260 ## - PUBLICATION, DISTRIBUTION, ETC.
Name of publisher, distributor, etc. ნაკადული
260 ## - PUBLICATION, DISTRIBUTION, ETC.
Date of publication, distribution, etc. 1969
300 ## - PHYSICAL DESCRIPTION
Extent 188გვ.17სმ.
653 ## - INDEX TERM--UNCONTROLLED
Uncontrolled term ამბავი თბილისისა
653 ## - INDEX TERM--UNCONTROLLED
Uncontrolled term ისტორიული პოემა
942 ## - ADDED ENTRY ELEMENTS (KOHA)
Koha item type წიგნი
ეგზემპლარები
Withdrawn status Lost status Damaged status Not for loan Date acquired Barcode Date last seen Price effective from Koha item type
        2018-12-17 38166 2018-12-17 2018-12-17 წიგნი